000 00285nam a22001337a 4500
003 SGT
020 _a8170940664
082 _a070
_bB90B
100 _aBHUSHAN, PRASHANT
245 _aBEFORS: THE SELLING OF A NATION
260 _bVISION BOOKS
_c1990
300 _a275
942 _2ddc
_cBK
999 _c28886
_d28886